|
|
|
|
| LEADER |
00000nam2a2200000 4500 |
| 001 |
211668 |
| 005 |
20231101225710.0 |
| 035 |
|
|
|a (RuTPU)RU\TPU\book\231238
|
| 090 |
|
|
|a 211668
|
| 100 |
|
|
|a 20120316d2011 m y0rusy50 ca
|
| 101 |
0 |
|
|a rus
|
| 102 |
|
|
|a RU
|
| 105 |
|
|
|a a j 001zy
|
| 200 |
0 |
|
|a Ч. 2
|
| 210 |
|
|
|d 2011
|
| 215 |
|
|
|a 198 с.
|c ил.
|
| 320 |
|
|
|a Библиогр.: с. 197.
|
| 330 |
|
|
|a В пособии в краткой форме изложены теоретические вопросы второй части курса технологические энергоносители промышленных предприятий, где выделены важнейшие положения по водоснабжению предприятий и населения, газоснабжению и холодоснабжению. Рассмотрены вопросы, связанные с производством продуктов разделения воздуха. По каждой теме представлены примеры решения задач, вопросы для контроля знаний, включен справочный материал.
|
| 461 |
|
1 |
|0 (RuTPU)RU\TPU\book\201522
|t Технологические энергоносители промышленных предприятий
|o учебное пособие
|f Л. И. Молодёжникова
|g Томский политехнический университет (ТПУ)
|v Ч. 2
|d 2009-2011
|
| 606 |
1 |
|
|a Энергетические ресурсы промпредприятий
|x Использование
|2 stltpush
|3 (RuTPU)RU\TPU\subj\21247
|9 46266
|
| 610 |
1 |
|
|a промышленные предприятия
|
| 610 |
1 |
|
|a населенные пункты
|
| 610 |
1 |
|
|a водоснабжение
|
| 610 |
1 |
|
|a расчеты
|
| 610 |
1 |
|
|a вода
|
| 610 |
1 |
|
|a расчетная потребность
|
| 610 |
1 |
|
|a оборотное водоснабжение
|
| 610 |
1 |
|
|a газоснабжение
|
| 610 |
1 |
|
|a природный газ
|
| 610 |
1 |
|
|a транспортирование
|
| 610 |
1 |
|
|a хранение
|
| 610 |
1 |
|
|a распределительные системы
|
| 610 |
1 |
|
|a газовые приборы
|
| 610 |
1 |
|
|a горелки
|
| 610 |
1 |
|
|a холодоснабжение
|
| 610 |
1 |
|
|a холодильная техника
|
| 610 |
1 |
|
|a холодильные установки
|
| 610 |
1 |
|
|a циклы
|
| 610 |
1 |
|
|a атмосферный воздух
|
| 610 |
1 |
|
|a свойства
|
| 610 |
1 |
|
|a разделение
|
| 610 |
1 |
|
|a продукты
|
| 610 |
1 |
|
|a ожижение
|
| 610 |
1 |
|
|a воздухоразделительные установки
|
| 610 |
1 |
|
|a кислород
|
| 610 |
1 |
|
|a промышленное производство
|
| 610 |
1 |
|
|a себестоимость
|
| 610 |
1 |
|
|a учебные пособия
|
| 610 |
1 |
|
|a труды учёных ТПУ
|
| 675 |
|
|
|a 658.26(075.8)
|v 3
|
| 801 |
|
1 |
|a RU
|b 63413507
|c 20120316
|
| 801 |
|
2 |
|a RU
|b 63413507
|c 20140926
|g RCR
|
| 942 |
|
|
|c BK
|